书目信息 |
| 题名: |
种草养肉牛实用技术问答
|
|
| 作者: | 杨效民 主编 | |
| 分册: | ||
| 出版信息: | 北京 中国科学技术出版社 2017 |
|
| 页数: | 212页 | |
| 开本: | 21cm | |
| 丛书名: | 科普三农 强农惠农 | |
| 单 册: | ||
| 中图分类: | S823.9 | |
| 科图分类: | ||
| 主题词: | 肉牛--rou niu--饲养管理 | |
| 电子资源: | ||
| ISBN: | 978-7-5046-7504-0 | |
| 000 | 01075nam 2200265 450 | |
| 001 | 012001003289 | |
| 005 | 20140129172431.0 | |
| 010 | @a978-7-5046-7504-0@dCNY26.00 | |
| 099 | @aCAL 012017125437 | |
| 100 | @a20170728d2017 em y0chiy50 ea | |
| 101 | 0 | @achi |
| 102 | @aCN@b110000 | |
| 105 | @aak z 000yy | |
| 106 | @ar | |
| 200 | 1 | @a种草养肉牛实用技术问答@Azhong cao yang rou niu shi yong ji shu wen da@f杨效民主编 |
| 210 | @a北京@c中国科学技术出版社@d2017 | |
| 215 | @a212页@c图@d21cm | |
| 225 | 2 | @a科普三农 强农惠农@Ake pu san nong qiang nong hui nong@i养殖系列 |
| 330 | @a本书以问答的形式, 从发展肉牛生产的政策环境与社会需求、草料生产与牛场组建、母牛繁殖生产与公犊育肥管理、高效生产的营养调控以及牛群保健、疾病防治等方面全面系统地介绍了肉牛养殖的生产实践与关键技术。从实用技术讲解到典型案例介绍, 图文并茂、深入浅出、通俗易懂。 | |
| 410 | 0 | @12001 @a科普三农 强农惠农@i养殖系列 |
| 606 | 0 | @a肉牛@Arou niu@x饲养管理 |
| 690 | @aS823.9@v5 | |
| 701 | 0 | @a杨效民@Ayang xiao min@4主编 |
| 801 | 2 | @aCN@b北京卓展@c20191020 |
| 905 | @b1211093-6@dS823.9@e202@f4 | |
| 种草养肉牛实用技术问答/杨效民主编.-北京:中国科学技术出版社,2017 |
| 212页:图;21cm.-(科普三农 强农惠农.养殖系列) |
| ISBN 978-7-5046-7504-0:CNY26.00 |
| 本书以问答的形式, 从发展肉牛生产的政策环境与社会需求、草料生产与牛场组建、母牛繁殖生产与公犊育肥管理、高效生产的营养调控以及牛群保健、疾病防治等方面全面系统地介绍了肉牛养殖的生产实践与关键技术。从实用技术讲解到典型案例介绍, 图文并茂、深入浅出、通俗易懂。 |
| ● |
| 相关链接 |
|
|
|
|
正题名:种草养肉牛实用技术问答
索取号:S823.9/202
 
预约/预借
| 序号 | 登录号 | 条形码 | 馆藏地/架位号 | 状态 | 备注 |
| 1 | 1211093 | 212110936 | 第二样本阅览室/ [索取号:S823.9/202] | 在馆 | |
| 2 | 1211094 | 212110945 | 第三借阅区/ [索取号:S823.9/202] | 在馆 | |
| 3 | 1211095 | 212110954 | 第三借阅区/ [索取号:S823.9/202] | 在馆 | |
| 4 | 1211096 | 212110963 | 第三借阅区/ [索取号:S823.9/202] | 在馆 |